000 01756cam a2200265 4500500
005 20260208003418.0
041 _afre
042 _adc
100 1 0 _aBernard, Benoît
_eauthor
245 0 0 _aL'impact d'un indicateur de gestion dans la négociation sylvicole : du huis clos à la cage de verre
260 _c2007.
500 _a2
520 _aRésuméLes indicateurs, des outils de mesure, sont de plus en plus fréquemment utilisés dans la gestion des forêts publiques. Cet article entend montrer qu’un indicateur peut être considéré comme un point structurant des négociations sylvicoles. L’émergence d’un indicateur ne modifie ni les lieux, les acteurs ou les objets de négociation mais influence fortement le point de départ des discussions, les alliances stratégiques, le sens des marchandages et leurs enjeux.
520 _aIndicators, as measuring tools, are more and more frequently used in the public forest management. This article aims to show that an indicator can be considered as a structuring point of forestry negotiations. The emergence of an indicator does not change the place, the actors nor the object of the negotiations, but it has a significant influence on the discussions initial agenda, the strategical coalitions as well as the orientation of bargains and their issues.
690 _agestion des forêts
690 _agestion publique
690 _aindicateurs
690 _amoment critique
690 _acritical moment
690 _aforest management
690 _aindicators
690 _apublic management
786 0 _nNégociations | 7 | 1 | 2007-03-01 | p. 23-35 | 1780-9231
856 4 1 _uhttps://shs.cairn.info/revue-negociations-2007-1-page-23?lang=fr&redirect-ssocas=7080
999 _c1647863
_d1647863